<?xml version="1.0" encoding="UTF-8"?>
<record
    xmlns:xsi="http://www.w3.org/2001/XMLSchema-instance"
    xsi:schemaLocation="http://www.loc.gov/MARC21/slim http://www.loc.gov/standards/marcxml/schema/MARC21slim.xsd"
    xmlns="http://www.loc.gov/MARC21/slim">

  <leader>00844nam a22002057a 4500</leader>
  <datafield tag="999" ind1=" " ind2=" ">
    <subfield code="c">61661</subfield>
    <subfield code="d">61661</subfield>
  </datafield>
  <controlfield tag="005">20240411155921.0</controlfield>
  <controlfield tag="008">240411s2007    enk||||| |||| 00| 0 eng d</controlfield>
  <datafield tag="020" ind1=" " ind2=" ">
    <subfield code="a">9780071443319x</subfield>
  </datafield>
  <datafield tag="041" ind1=" " ind2=" ">
    <subfield code="a">eng</subfield>
  </datafield>
  <datafield tag="080" ind1=" " ind2=" ">
    <subfield code="a">614.2+005 K-46</subfield>
  </datafield>
  <datafield tag="100" ind1=" " ind2=" ">
    <subfield code="a">King, Talmadge E. </subfield>
    <subfield code="9">21769</subfield>
  </datafield>
  <datafield tag="245" ind1=" " ind2=" ">
    <subfield code="a">Medical Management of Vulnerable and Underserved Patients:</subfield>
    <subfield code="b"> Principles, Practice, and Populations /</subfield>
    <subfield code="c">Talmadge E. King, Margaret B. Wheeler.</subfield>
  </datafield>
  <datafield tag="264" ind1=" " ind2=" ">
    <subfield code="a">New York:</subfield>
    <subfield code="b">McGraw-Hill,</subfield>
    <subfield code="c">2007.</subfield>
  </datafield>
  <datafield tag="300" ind1=" " ind2=" ">
    <subfield code="a">454 p. ;</subfield>
    <subfield code="b">28 cm.</subfield>
  </datafield>
  <datafield tag="653" ind1=" " ind2=" ">
    <subfield code="a">&#x10DB;&#x10DD;&#x10EC;&#x10E7;&#x10D5;&#x10DA;&#x10D0;&#x10D3;&#x10D8; &#x10DE;&#x10D0;&#x10EA;&#x10D8;&#x10D4;&#x10DC;&#x10E2;&#x10D4;&#x10D1;&#x10D8;</subfield>
  </datafield>
  <datafield tag="653" ind1=" " ind2=" ">
    <subfield code="a">&#x10D0;&#x10E0;&#x10D0;&#x10E1;&#x10E0;&#x10E3;&#x10DA;&#x10EC;&#x10DA;&#x10DD;&#x10D5;&#x10D0;&#x10DC;&#x10D8; &#x10DE;&#x10D0;&#x10EA;&#x10D8;&#x10D4;&#x10DC;&#x10E2;&#x10D4;&#x10D1;&#x10D8;</subfield>
  </datafield>
  <datafield tag="653" ind1=" " ind2=" ">
    <subfield code="a">&#x10E1;&#x10D0;&#x10DB;&#x10D4;&#x10D3;&#x10D8;&#x10EA;&#x10D8;&#x10DC;&#x10DD; &#x10DB;&#x10D4;&#x10DC;&#x10D4;&#x10EF;&#x10DB;&#x10D4;&#x10DC;&#x10E2;&#x10D8;</subfield>
  </datafield>
  <datafield tag="700" ind1=" " ind2=" ">
    <subfield code="a">Wheeler,  Margaret B. </subfield>
    <subfield code="e">&#x10D0;&#x10D5;&#x10E2;&#x10DD;&#x10E0;&#x10D8;</subfield>
    <subfield code="9">21770</subfield>
  </datafield>
  <datafield tag="942" ind1=" " ind2=" ">
    <subfield code="2">udc</subfield>
    <subfield code="c">&#x1CAC;&#x1C98;&#x1C92;&#x1C9C;&#x1C98;</subfield>
  </datafield>
  <datafield tag="952" ind1=" " ind2=" ">
    <subfield code="0">0</subfield>
    <subfield code="1">0</subfield>
    <subfield code="2">udc</subfield>
    <subfield code="4">0</subfield>
    <subfield code="6">6142005_K46</subfield>
    <subfield code="7">0</subfield>
    <subfield code="9">98641</subfield>
    <subfield code="a">CPL</subfield>
    <subfield code="b">CPL</subfield>
    <subfield code="c">GEN</subfield>
    <subfield code="d">2024-04-11</subfield>
    <subfield code="g">79.00</subfield>
    <subfield code="o">614.2+005 K-46</subfield>
    <subfield code="p">67800</subfield>
    <subfield code="r">2024-04-11</subfield>
    <subfield code="t">67800</subfield>
    <subfield code="w">2024-04-11</subfield>
    <subfield code="y">&#x1CAC;&#x1C98;&#x1C92;&#x1C9C;&#x1C98;</subfield>
    <subfield code="z">79 &#x10DA;. </subfield>
  </datafield>
</record>
